La reforma del impuesto a la renta en Chile
I tiakina i:
| Kaituhi matua: | |
|---|---|
| Hōputu: | Pukapuka |
| Reo: | Pāniora |
| I whakaputaina: |
Valparaíso
EDEVAL
1986
|
| Rangatū: | Temas, 7
|
| Ngā marau: | |
| Ngā Tūtohu: |
Tāpirihia he Tūtohu
Kāore He Tūtohu, Me noho koe te mea tuatahi ki te tūtohu i tēnei pūkete!
|
MARC
| LEADER | 00000nam a2200000 a 4500 | ||
|---|---|---|---|
| 001 | UCS0358 | ||
| 003 | CL-VaPUC | ||
| 008 | 970418e19860000CL |||||||||||||||||spa|d | ||
| 082 | 0 | 4 | |a 343.052 |b MAS |2 21 |
| 100 | |a Massone Parodi, Pedro |e autor |9 766118 | ||
| 245 | 1 | 3 | |a La reforma del impuesto a la renta en Chile |
| 300 | |a 70 p | ||
| 942 | |c BK | ||
| 945 | |d 19970418 00:00:00 |a lriquelm | ||
| 260 | |a Valparaíso |b EDEVAL |c 1986 | ||
| 650 | 0 | |a Derecho tributario |9 258895 | |
| 650 | 0 | |a Impuesto a la renta |9 258171 | |
| 650 | 0 | |a Tributación |9 258429 | |
| 650 | 0 | |a Impuestos |9 255450 | |
| 651 | 7 | |a CHILE |2 CL-VaPUC |9 383716 | |
| 583 | |a last modification |c 19970418 00:00:00 |k Rodrigo Vera | ||
| 490 | 0 | |a Temas, 7 | |
| 999 | |c 258590 |d 258588 | ||
| 952 | |0 0 |1 0 |2 ddc |4 0 |6 343_052000000000000_MAS_1986 |7 0 |8 A |9 282800 |a BIBDER |b BIBDER |d 2019-11-19 |i 1834479 |o 343.052 MAS 1986 |p 1834479 |r 2023-01-25 |w 2019-11-19 |y MX |k DER | ||
| 952 | |0 0 |1 0 |2 ddc |4 0 |6 343_052000000000000_MAS_1986 |7 0 |8 A |9 282801 |a BIBDER |b BIBDER |d 2019-11-19 |i 1834487 |o 343.052 MAS 1986 |p 1834487 |r 2023-01-25 |w 2019-11-19 |y MX |k DER | ||